000 01511na a2200397 4500
001 18399
003 MIRAKIL
005 20181213155225.0
008 161117b tu 000 0
035 _a18399
040 _aMilas
_btur
_cTR-AnCHP
041 _atur
082 _a324.2382
_bA49p [2000?]
090 _a324.2382 A49p [2000?]
110 _aAdalet ve Kalkınma Partisi (AKP)
245 _aParti tüzüğü, teşkilat iç yönetmeliği, kongre yönetmeliği, kalkınma ve demokratikleşme programı, TBMM Grup iç yönetmeliği, 2820 sayılı siyasi partiler kanunu, seçimlerin temel hükümleri ve seçmen kütükleri hakkında kanun
_c[hazırlayan] AK Parti Genel Merkez
260 _aAnkara
_bAKP
_c[2000?]
300 _a542 s.
_btbl.
_c21 sm.
490 _aAK Parti Genel Merkez yayınları
610 _aAKP
_xKurallar ve uygulamalar
610 _aAKP
_xKongreler
610 _aAKP
_xProgramlar
610 _aAKP
_xYönetmelikler
610 _aAKP
_xTüzükler
650 _aSiyasal partiler
_xTüzük ve yönetmelikler
_zTürkiye
651 _aTürkiye
_xSiyaset ve yönetim
_y2002-
740 _aSeçimlerin temel hükümleri ve seçmen kütükleri hakkında kanun
740 _a2820 sayılı siyasi partiler kanunu
740 _aTBMM Grup iç yönetmeliği
740 _aKalkınma ve demokratikleşme programı
740 _aKongre yönetmeliği
740 _aTeşkilat iç yönetmeliği
740 _aParti tüzüğü
830 _aAKP yayınları
942 _2ddc
_cBKS
999 _c8817
_d8817